KOHA-Header-6

AI and Machine Learning for Coders : A Programmer's Guide to Artificial Intellegence (Record no. 13810)

000 -LEADER
fixed length control field 00328nam a22001217a 4500
020 ## - INTERNATIONAL STANDARD BOOK NUMBER
ISBN 9781492078197
082 ## - DEWEY DECIMAL CLASSIFICATION NUMBER
Classification number 006.31
100 ## - MAIN ENTRY--AUTHOR NAME
Personal name Laurence Moroney
245 ## - TITLE STATEMENT
Title AI and Machine Learning for Coders : A Programmer's Guide to Artificial Intellegence
260 ## - PUBLICATION, DISTRIBUTION, ETC. (IMPRINT)
Place of publication USA
Name of publisher O'Reilly
Year of publication 2021
300 ## - PHYSICAL DESCRIPTION
Number of Pages xix, 365 pages
942 ## - ADDED ENTRY ELEMENTS (KOHA)
Koha item type Books
Holdings
Withdrawn status Lost status Collection code Permanent Location Current Location Shelving location Date acquired Full call number Accession Number Koha item type
    Computer Networking MAJU MAJU Shelf No.A33 2023-10-12 006.31 10886 Books

Powered by Koha